00463nam a2200133Ia 4500008004100000082001900041100002900060245004600089260004900135300001800184942000700202999001900209952010100228230907s9999||||xx |||||||||||||| ||und|| a621.38152bALF aAlford, Terry L.9115457 0aFundamentals of nanoscale film analysis / aSpringer,bNew York, N.Y. ; | London :c2007 axiv, 336 p. : cBK c598441d598441 00104070aCAS-EbCAS-Ed2019-07-18l0o621.38152 ALFpCAS-E0002540r2023-09-12w2023-09-12yBK